Eight Sure Steps to Health & Happiness (Record no. 73790)

MARC details
000 -LEADER
fixed length control field 00394pam a2200145 a 4500
020 ## - INTERNATIONAL STANDARD BOOK NUMBER
International Standard Book Number 0828004684
Terms of availability
041 ## - LANGUAGE CODE
Language code of original
082 ## - DEWEY DECIMAL CLASSIFICATION NUMBER
Classification number 613
Item number JON
100 ## - MAIN ENTRY--PERSONAL NAME
Personal name Jones, Lucile H.
245 ## - TITLE STATEMENT
Title Eight Sure Steps to Health & Happiness
Medium Textual Documents
260 ## - PUBLICATION, DISTRIBUTION, ETC.
Place of publication, distribution, etc. Washington:
Name of publisher, distributor, etc. Review and Herald Publishing Accociation,
Date of publication, distribution, etc. 1988.
300 ## - PHYSICAL DESCRIPTION
Extent 75.
653 ## - INDEX TERM--UNCONTROLLED
Uncontrolled term General & Personal Hygiene
930 ## - EQUIVALENCE OR CROSS-REFERENCE-UNIFORM TITLE HEADING [LOCAL, CANADA]
Uniform title 477
Holdings
Withdrawn status Lost status Damaged status Not for loan Collection Home library Current library Date acquired Source of acquisition Cost, normal purchase price Total Checkouts Full call number Barcode Date last seen Copy number Price effective from Koha item type
          Poona College of Pharmacy, Pune Poona College of Pharmacy, Pune 07/07/1992 National Home and Health 110.00   613 JON PCP-B-1272 24/02/2023 1 24/02/2023 Book